000
00275nam a2200109Ia 4500
008
191206s9999 xx 000 0 und d
090
_a
P23D55
245
0
_a
mystery of Edwin Drood
260
_a
J. W. Lovell company
260
_c
c[1883]
300
_a
"1 p.l., 603-833 p. 19 cm."
999
_c
16536
_d
16536